Life and human habitat

Shranjeno v:
Bibliografske podrobnosti
Glavni avtor: Neutra, Richard J. (Author)
Format: Knjiga
Jezik:angleščina
Izdano: Stuttgart Alexander Koch 1956
Izdaja:1a. ed
Teme:
Oznake: Označite
Brez oznak, prvi označite!

MARC

LEADER 00000cam a2200000 a 4500
001 UCD8841
003 CL-VaPUC
005 20240625130844.0
008 170527e19560000gw |||||||||||||||||eng|d
999 |c 368149  |d 368147 
040 |c Pontificia Universidad Católica de Valparaíso 
082 0 4 |a 720.92  |b NEU  |2 21 
100 |a Neutra, Richard J.  |e author  |9 875532 
245 1 0 |a Life and human habitat 
246 1 0 |a Mensch und Wohnen 
250 |a 1a. ed 
260 |a Stuttgart  |b Alexander Koch  |c 1956 
300 |a 317 p 
583 |a last modification  |c 20170527 00:32:00  |k Rodrigo Vera 
650 0 |a Arquitectura contemporánea  |9 367350 
650 0 |a Proyectos arquitectónicos  |9 531782 
942 |c BK  |2 ddc 
945 |d 20170527 00:32:00  |a dcastane 
952 |0 0  |1 0  |2 ddc  |3 erb  |4 0  |6 720_920000000000000_NEU_1956  |7 0  |8 A  |9 483419  |a BIBARQ  |b BIBARQ  |c PAC  |i 5378583  |o 720.92 NEU 1956  |p 5378583  |r 2025-01-20  |w 2019-11-24  |y BK  |z Catalogado en:20170527  |k ARQ